| 000 | 00433nam a22001337a 4500 | ||
|---|---|---|---|
| 008 | 151208b xxu||||| |||| 00| 0 eng d | ||
| 050 | _aBS2555.2.P67 1998 | ||
| 100 |
_aPowell, Mark Allan _921268 |
||
| 245 |
_aFortress Introduction to The Gospels _cMark Allan Powell |
||
| 260 |
_aMinneapolis _bFortress Press _c1998 |
||
| 300 |
_avii, 184p. ; _c22cm. |
||
| 650 |
_aBible. N.T. Gospels _xIntroductions _921269 |
||
| 942 |
_2lcc _cMONOGRAPH |
||
| 999 |
_c123857 _d123857 |
||